Human Resources Management in Construction Projects Strategic and Operational Approaches (Record no. 522921)
[ view plain ]
| 000 -LEADER | |
|---|---|
| fixed length control field | 00366nam a2200109Ia 4500 |
| 008 - FIXED-LENGTH DATA ELEMENTS--GENERAL INFORMATION | |
| fixed length control field | 190125s9999 xx 000 0 und d |
| 082 ## - DEWEY DECIMAL CLASSIFICATION NUMBER | |
| Classification number | 624.0683 LOO |
| Author Mark | 624.0683 LOO |
| 100 ## - MAIN ENTRY--PERSONAL NAME | |
| Personal name | Martin Loosemore |
| 9 (RLIN) | 13220 |
| 245 ## - TITLE STATEMENT | |
| Title | Human Resources Management in Construction Projects Strategic and Operational Approaches |
| 260 ## - PUBLICATION, DISTRIBUTION, ETC. | |
| Name of publisher, distributor, etc. | Spon Press ; London \New York |
| 260 ## - PUBLICATION, DISTRIBUTION, ETC. | |
| Date of publication, distribution, etc. | 2003 |
| Withdrawn status | Lost status | Source of classification or shelving scheme | Damaged status | Not for loan | Permanent Location | Current Location | Date acquired | Total Checkouts | Full call number | Barcode | Date last seen | Price effective from |
|---|---|---|---|---|---|---|---|---|---|---|---|---|
| School of Civil and Environmental Engineering (SCEE) | School of Civil and Environmental Engineering (SCEE) | 12/10/2019 | 624.0683 LOO | NIT-12800 | 06/28/2021 | 12/10/2019 | ||||||
| School of Civil and Environmental Engineering (SCEE) | School of Civil and Environmental Engineering (SCEE) | 12/10/2019 | 624.0683 LOO | NIT-12801 | 12/10/2019 | 12/10/2019 | ||||||
| School of Civil and Environmental Engineering (SCEE) | School of Civil and Environmental Engineering (SCEE) | 12/10/2019 | 624.0683 LOO | NIT-12802 | 12/10/2019 | 12/10/2019 |
